|
|
|
|
| LEADER |
00000nam a2200000 a 4500 |
| 001 |
vtls008853723 |
| 003 |
SK-MaSNL |
| 005 |
20260301080324.0 |
| 008 |
200612s2006 au n 001 0 ger |
| 015 |
|
|
|a SNBZSA2007-00314
|
| 020 |
|
|
|a 3700135688
|q (viaz.)
|
| 035 |
|
|
|a urn:nbn:sk:snk-am00a21l
|
| 035 |
|
|
|a urn:nbn:sk:snk-am3hdmo
|
| 035 |
|
|
|a DC3F20E6-04C9-4557-A6CF-52306B20A86A
|
| 040 |
|
|
|a SNK
|b slo
|c SNK
|e AACR2
|
| 041 |
0 |
|
|a ger
|
| 072 |
|
7 |
|a 94(430/439)
|x Dejiny krajín strednej Európy
|2 konspekt
|
| 080 |
|
|
|a 94(430/439)
|x "1848/1918"
|2 2001
|
| 080 |
|
|
|a 070.1
|2 2001
|
| 245 |
0 |
4 |
|a Die Habsburgermonarchie 1848-1918
|n Band VIII
|p Politische Öffentlichkeit und Zivilgesellschaft
|n 2. Teilband
|p Die Presse als Faktor der politischen Mobilisierung
|c herausgegeben von Helmut Rumpler und Peter Urbanitsch
|
| 246 |
3 |
|
|a Die Presse als Faktor der politischen Mobilisierung
|
| 246 |
3 |
|
|a Politische Öffentlichkeit und Zivilgesellschaft
|
| 260 |
|
|
|a Wien
|b Verlag der Österreichischen Akademie der Wissenschaften
|c 2006
|
| 300 |
|
|
|a XVI, s. 1494 - 2832
|c 24 cm
|
| 500 |
|
|
|a Obsahuje aj: Das slowakische Pressewesen / von Tatiana Ivantyšynová, Daniela Kodajová
|
| 504 |
|
|
|a Bibliogr. s. 2375-2571
|
| 650 |
0 |
7 |
|a tlač
|x dejiny
|z 1848-1866
|2 snkph
|9 401808
|
| 651 |
|
7 |
|a Rakúsko
|x dejiny
|2 snkph
|9 66145
|
| 651 |
|
7 |
|a Rakúsko-Uhorsko
|x dejiny
|2 snkph
|9 14504
|
| 655 |
|
7 |
|a odborné publikácie
|2 snkph
|9 60423
|
| 700 |
1 |
|
|a Rumpler, Helmut,
|d 1935-2018
|4 edt
|9 193388
|
| 700 |
1 |
|
|a Urbanitsch, Peter
|4 edt
|9 310318
|
| 700 |
1 |
|
|a Ivantyšynová, Tatiana,
|d 1944-
|t Das slowakische Pressewesen
|9 401809
|
| 700 |
1 |
|
|a Kodajová, Daniela,
|d 1958-
|t Das slowakische Pressewesen
|9 401810
|
| 919 |
|
|
|a 3-7001-3568-8
|
| 958 |
|
|
|a ZS
|
| 958 |
|
|
|a NB
|
| 999 |
|
|
|c 652939
|d 654869
|
| 952 |
|
|
|a SNK
|b SNK
|y PREZ
|7 0
|p 17A0533759
|o snkSC 74523/8/2
|i snk2006/26711
|8 2
|g 178.52
|0 0
|1 0
|4 0
|d 2006-10-10
|f 1
|l 0
|r 2025-07-31 00:00:00
|w 2026-02-23
|
| 952 |
|
|
|a SNK
|b SNK
|y VYP
|7 0
|p 17A0533774
|o snkSC 74523/8/2 D1
|i snk2007/3
|8 2
|g 183.63
|0 0
|1 0
|4 0
|d 2006-11-14
|l 0
|r 2026-02-23 18:27:25
|w 2026-02-23
|
| 952 |
|
|
|t snkHAB/8/2 94(430/439)
|a SNKUST
|b SNKUST
|y PREZ
|7 0
|p 17A1414318
|o snkSC 74523/8/2 D2
|i snk2020/1749
|8 3
|g 199.45
|0 0
|1 0
|4 0
|d 2020-01-27
|l 0
|r 2025-05-30 00:00:00
|w 2026-02-23
|